000 00421nab a2200145Ia 4500
003 ES-SlBCS
005 20210601131740.0
008 140529s1932 xxu||||| |||| 00| 0 fre d
041 _afre
100 1 _aRivière, Isabelle
_9188534
245 0 0 _aMaria Blanchard
_c Isabelle Rivière
600 1 _aBlanchard, Maria
_9188535
773 0 _tVie Intelectuelle (La)
_gvol. 15, nº. 3, 1932, págs. 474-502
_wRev907
942 _cAR
999 _c568127
_d568127